| 000 | 00386nam a22001457a 4500 | ||
|---|---|---|---|
| 999 |
_c130467 _d130467 |
||
| 008 | 200519b ||||| |||| 00| 0 eng d | ||
| 050 | _aSPC. HS3.P659 1977 | ||
| 100 |
_aStacer, John R. _949787 |
||
| 245 |
_aPilgrim's process _cJohn R. Stacer |
||
| 260 | _c1977 | ||
| 300 |
_a581p. ; _c31cm. |
||
| 500 | _aManuscript | ||
| 650 |
_aProcess philosophy _911302 |
||
| 942 |
_2lcc _cMONOGRAPH |
||